Manual de Normas Internacionales que rigen las Operaciones Militares (Registro nro. 6770)

Detalles MARC
000 -CABECERA
campo de control de longitud fija 01285nam a2200217 4500
003 - IDENTIFICADOR DEL NÚMERO DE CONTROL
campo de control DO-SdBJH
005 - FECHA Y HORA DE LA ÚLTIMA TRANSACCIÓN
campo de control 20220314183253.0
008 - DATOS DE LONGITUD FIJA--INFORMACIÓN GENERAL
campo de control de longitud fija 220314b ||||| |||| 00| 0 spa d
020 ## - NÚMERO INTERNACIONAL ESTÁNDAR DEL LIBRO
Número Internacional Estándar del Libro 9782940396450
040 ## - FUENTE DE LA CATALOGACIÓN
Centro catalogador/agencia de origen DO-SdBJH
Lengua de catalogación spa
Centro/agencia transcriptor DO-SdBJH
082 ## - NÚMERO DE LA CLASIFICACIÓN DECIMAL DEWEY
Número de clasificación 028.7
Número de documento/Ítem 000492
110 #1 - ENTRADA PRINCIPAL--NOMBRE DE ENTIDAD CORPORATIVA
Código de función/relación Comité Internacional de la Cruz Roja
245 10 - MENCIÓN DE TÍTULO
Título Manual de Normas Internacionales que rigen las Operaciones Militares
Mención de responsabilidad, etc. Comité Internacional de la Cruz Roja
260 ## - PUBLICACIÓN, DISTRIBUCIÓN, ETC.
Lugar de publicación, distribución, etc. Suisa
Nombre del editor, distribuidor, etc. CICR
Fecha de publicación, distribución, etc. 2019
300 ## - DESCRIPCIÓN FÍSICA
Extensión 486 páginas
505 ## - NOTA DE CONTENIDO CON FORMATO
Nota de contenido con formato 1-- Integración del derecho. 2-- Normas internacionales básicas sobre operaciones militares. 3-- Definiciones. 4-- obligaciones generales durante los combates. -5-- Ataques. 6-- Métodos y medio de guerra. 7-- Detención e internamiento en conflictos armados. 8-- Responsabilidad de los mandos superiores. 9-- Asuntos penales y mecanismos de aplicación. 10-- logística. 11-- Control estratégico de los conflictos armados. 12-- Ocupación. 13-- Neutralidad. 14-- Operaciones para hacer cumplir la ley. 15-- Operaciones de apoyo a la paz.
650 ## - PUNTO DE ACCESO ADICIONAL DE MATERIA--TÉRMINO DE MATERIA
Subdivisión de forma Documento de referencia
Subdivisión general Resúmenes
650 ## - PUNTO DE ACCESO ADICIONAL DE MATERIA--TÉRMINO DE MATERIA
Término de materia o nombre geográfico como elemento de entrada Derecho
Subdivisión de forma Conflictos armados
650 ## - PUNTO DE ACCESO ADICIONAL DE MATERIA--TÉRMINO DE MATERIA
Término de materia o nombre geográfico como elemento de entrada Derecho internacional
Subdivisión de forma Derechos humanos
Subdivisión general Operaciones militares
Subdivisión cronológica Contemporánea
942 ## - ELEMENTOS DE PUNTO DE ACCESO ADICIONAL (KOHA)
Fuente del sistema de clasificación o colocación Dewey Decimal Classification
Tipo de ítem Koha Libros
Existencias
Estado de retiro Estado de pérdida Fuente del sistema de clasificación o colocación Estado dañado No para préstamo Código de colección Localización permanente Ubicación/localización actual Ubicación en estantería Fecha de adquisición Número de inventario Total de préstamos Signatura topográfica completa Código de barras Fecha visto por última vez Número de copia Precio válido a partir de Tipo de ítem Koha
    Dewey Decimal Classification     Colección General SIBM UNADE - Biblioteca Academia Militar "Batalla de las Carreras", ERD SIBM UNADE - Biblioteca Academia Militar "Batalla de las Carreras", ERD En estantería 03/14/2022 18-AERD--000492   RD028.7 C733m 2019 18-AERD--000492 03/14/2022 Ej. 1 03/14/2022 Libros
© Copyright 2016. Universidad Nacional para la Defensa.Todos los derechos reservados.

 

Designed & Maintained by: https://www.sibdweb.com.do
Sistema de Información & Bibliotecas (SIBD). Contact: pbrito2005@gmail.com